De numéro à département français - Statistiques

Statistiques générales
  • Ce quiz a été pris 49 fois
  • Le résultat moyen est 13 sur 15
Statistiques - réponses
Numéro Département % Correct
33 Gironde
96%
93 Seine-Saint-Denis
93%
50 Manche
91%
84 Vaucluse
89%
45 Loiret
87%
60 Oise
87%
67 Bas-Rhin
84%
28 Eure-et-Loir
84%
56 Morbihan
84%
72 Sarthe
84%
30 Gard
82%
53 Mayenne
82%
88 Vosges
82%
63 Puy-de-Dôme
78%
80 Somme
76%
Aucun quiz correspondant
Distribution des résultats
% des personnes avec chaque résultat
Percentile par nombre de réponses
Votre historique - résultats
Vous n’avez pas pris ce quiz